| Поле | Инд. | ПП | Название | Значение |
|---|---|---|---|---|
| Тип записи | a | |||
| Библиографический уровень | m | |||
| 001 | Контрольный номер | 6e042c38262f47e1ae47ee92f3dad5b3 | ||
| 005 | Дата корректировки | 20251003164134.4 | ||
| 020 | a | ISBN | 978-5-6050854-2-3 | |
| 080 | a | Индекс УДК | 332.1 | |
| a | Индекс УДК | 338.22 | ||
| 084 | a | Индекс другой классификации/Индекс ББК | У049(2Рос) | |
| 090 | x | Авторский знак | П 82 | |
| a | Полочн. индекс | У04 | ||
| 097 | b | Оператор | *Ст* | |
| b | Оператор | *Вин* | ||
| 245 | 10 | a | Заглавие | Пространственное развитие регионов современной России |
| b | Продолж. заглавия | коллективная монография | ||
| c | Ответственность | Югорский государственный университет | ||
| c | Ответственность | под редакцией Е.Н.Трояновой; | ||
| 260 | a | Место издания | Ханты-Мансийск | |
| c | Дата издания | 2024 | ||
| b | Издательство | Академия управления | ||
| 300 | a | Объем | 148 с. | |
| 516 | 8_ | a | Прим. о типе комп. файла/ данных | Текст : непосредственный |
| 520 | 0_ | a | Аннотация | Монография посвящена вопросам пространственного развития регионов России в современных геополитических и экономических условиях. В работе представлены особенности социально -экономического развития территорий Арктической зоны. Проведен анализ и выявлены основные проблемы отраслевого пространственного развития отдельных регионов. Особое внимание уделяется вопросам стратегического развития и формам поддержки малого и среднего бизнеса анклавных регионов, на примере Калининградской области. Данная коллективная монография может быть использована в деятельности преподавателей высших учебных заведений, научных сотрудников, аспирантов, практиков и студентов экономических специальностей, научные интересы которых связаны с вопросами регионального пространственного развития субъектов РФ и региональной экономики и политики. |
| 653 | 0_ | a | Ключевые слова | Арктическая зона |
| a | Ключевые слова | Калининградская область | ||
| a | Ключевые слова | Нефтяная отрасль | ||
| a | Ключевые слова | Рынок энергоносителей | ||
| a | Ключевые слова | Туристическая отрасль | ||
| a | Ключевые слова | Ханты-Мансийский автономный округ - Югра | ||
| a | Ключевые слова | Социально-экономическое развитие | ||
| a | Ключевые слова | Развитие технологического предпринимательства | ||
| 655 | a | Жанр/ форма (устаревшее) | *Н* | |
| 901 | t | Тип документа | m | |
| 905 | b | Дата создания записи обработка | 07.08.25 | |
| 952 | e | Факультет | *ФУСК* | |
| a | Тип литературы для КСУ ВШ | *Н* | ||
| 990 | h | N записи в КСУ для Б/У (DOS) | 49/2024 | |
| 990 | f | Даты поступлений (DOS) | 21.10.24 | |
| g | Размещение заказа (DOS) | пожертвование православного Прихода Успенского | ||
| j | Количество экземпляров (DOS) | 1 |